[Event "Leverkusen Bayer op 10th"]
[Site "Leverkusen"]
[Date "2012.01.25"]
[Round "2"]
[White "Weinmann Musset, Manfred"]
[Black "Ljuboschiz, Alexander"]
[Result "1/2-1/2"]
[WhiteElo "1824"]
[BlackElo "1992"]
[PlyCount "93"]
[EventDate "2012.01.11"]
[EventType "swiss"]
[EventRounds "7"]
[EventCountry "GER"]
[SourceTitle "EXT 2014"]
[Source "ChessBase"]
[SourceDate "2013.11.20"]
[SourceVersion "1"]
[SourceVersionDate "2013.11.20"]
[SourceQuality "1"]

1. d4 Nf6 2. c4 g6 3. Nc3 Bg7 4. e4 d6 5. Be2 0-0 6. g4 a6 7. h4 c5 8. d5 e6 9. dxe6 fxe6 10. h5 Nc6 11. hxg6 hxg6 12. g5 Nh7 13. f4 Nd4 14. Be3 Qa5 15. Bd2 Qc7 16. Nf3 Qf7 17. 0-0 Bd7 18. Nh4 Rfd8 19. Bg4 Nf8 20. Qb1 Bc6 21. f5 exf5 22. exf5 gxf5 23. Nxf5 Nxf5 24. Rxf5 Bd4+ 25. Kh2 Qh7+ 26. Kg3 Be5+ 27. Rxe5 Qxb1 28. Rxb1 dxe5 29. Be3 b6 30. Bf5 Kf7 31. b4 Nd7 32. b5 axb5 33. cxb5 Bb7 34. Bd3 Ra3 35. Bc4+ Kg7 36. Bb3 Nf8 37. Kf2 Ng6 38. Na4 Bd5 39. Nxb6 Bxb3 40. axb3 Ra2+ 41. Kf3 Rc2 42. Ra1 Rc3 43. Ra7+ Kg8 44. Nd7 Rxb3 45. Nf6+ Kf8 46. Nh7+ Ke8 47. Nf6+ 1/2-1/2

[Event "Leverkusen Bayer op 9th"]
[Site "Leverkusen"]
[Date "2011.02.21"]
[Round "4"]
[White "Weinmann Musset, Manfred"]
[Black "Wegener, Marcus"]
[Result "0-1"]
[WhiteElo "1801"]
[BlackElo "2025"]
[PlyCount "108"]
[EventDate "2011.01.10"]
[EventType "swiss"]
[EventRounds "7"]
[EventCountry "GER"]
[SourceTitle "EXT 2012"]
[Source "ChessBase"]
[SourceDate "2011.11.24"]
[SourceVersion "1"]
[SourceVersionDate "2011.11.24"]
[SourceQuality "1"]

1. d4 Nf6 2. c4 c5 3. d5 b5 4. cxb5 a6 5. bxa6 g6 6. Nc3 Bxa6 7. g3 d6 8. Bg2 Bg7 9. Nf3 Nbd7 10. 0-0 0-0 11. Qc2 Ra7 12. Rd1 Nb6 13. h3 Qa8 14. Nh2 Bc4 15. e4 Bxa2 16. e5 Ne8 17. Nb5 Ra5 18. exd6 exd6 19. Na3 Bxd5 20. Rxd5 Nxd5 21. Bd2 Ra6 22. Re1 Nec7 23. Qd3 Bxb2 24. Nc4 Bg7 25. Ng4 Ra1 26. Rxa1 Qxa1+ 27. Kh2 Qd4 28. Qxd4 Bxd4 29. Nxd6 h5 30. Nh6+ Kg7 31. Ndf5+ gxf5 32. Nxf5+ Kf6 33. Nxd4 cxd4 34. g4 hxg4 35. hxg4 Nc3 36. Bf4 N7d5 37. Bd6 Rh8+ 38. Kg3 Ke6 39. Bc5 Ne2+ 40. Kf3 Nef4 41. Bxd4 Rb8 42. Bf1 Rb4 43. Bc5 Ra4 44. Kg3 Ra1 45. Bc4 Rc1 46. Bxd5+ Nxd5 47. Bd4 Rc4 48. Bg7 Ne7 49. f4 f6 50. Bh6 Rc3+ 51. Kh4 Rf3 52. g5 Rxf4+ 53. Kh5 Rf5 54. Kg4 Ng8 0-1

[Event "Cologne Ford op"]
[Site "Cologne"]
[Date "2010.04.19"]
[Round "1"]
[White "Hoferichter, Michael"]
[Black "Weinmann Musset, Manfred"]
[Result "0-1"]
[WhiteElo "1307"]
[BlackElo "1850"]
[PlyCount "76"]
[EventDate "2010.04.19"]
[EventType "swiss"]
[EventRounds "7"]
[EventCountry "GER"]
[SourceTitle "EXT 2011"]
[Source "ChessBase"]
[SourceDate "2010.11.26"]
[SourceVersion "1"]
[SourceVersionDate "2010.11.26"]
[SourceQuality "1"]

1. e4 c5 2. Nf3 d6 3. d4 cxd4 4. Nxd4 Nf6 5. Nc3 a6 6. Be2 e5 7. Nb3 Be6 8. 0-0 Be7 9. f4 Qb6+ 10. Kh1 Nc6 11. fxe5 dxe5 12. Rf3 Rd8 13. Qf1 Nd4 14. Nxd4 exd4 15. e5 Nd7 16. Ne4 Nxe5 17. Rf2 Qc6 18. Bd3 f6 19. Bf4 0-0 20. h3 g5 21. Bxe5 fxe5 22. Qe2 g4 23. Raf1 Qc8 24. Nf6+ Bxf6 25. Rxf6 Rxf6 26. Rxf6 gxh3 27. Bxh7+ Kg7 28. Rg6+ Kf8 29. Qf2+ Ke7 30. Qf6+ Kd6 31. gxh3 Rf8 32. Qg5 Qc6+ 33. Kh2 Rf2+ 34. Kg1 Qf3 35. Qd8+ Kc5 36. Qe7+ Kb5 37. Qxb7+ Qxb7 38. Rxe6 Qg2# 0-1

[Event "Bergisch Gladbach-ch"]
[Site "Bergisch Gladbach"]
[Date "2009.10.02"]
[Round "5"]
[White "Wieferig, Wolfgang"]
[Black "Weinmann Musset, Manfred"]
[Result "1-0"]
[WhiteElo "2225"]
[BlackElo "1642"]
[PlyCount "71"]
[EventDate "2009.09.04"]
[EventType "swiss"]
[EventRounds "7"]
[EventCountry "GER"]
[SourceTitle "EXT 2011"]
[Source "ChessBase"]
[SourceDate "2010.11.26"]
[SourceVersion "1"]
[SourceVersionDate "2010.11.26"]
[SourceQuality "1"]

1. d4 f5 2. c4 Nf6 3. Nc3 d6 4. g3 c6 5. Bg2 Qc7 6. Bg5 Nbd7 7. e3 e5 8. Nge2 Be7 9. Qc2 h6 10. Bxf6 Nxf6 11. Bh3 e4 12. g4 fxg4 13. Bg2 d5 14. cxd5 cxd5 15. Qb3 Qa5 16. Nf4 Bb4 17. Ng6 Bxc3+ 18. bxc3 Rh7 19. 0-0 Qc7 20. c4 Qf7 21. Ne5 Qh5 22. cxd5 g5 23. d6 Rg7 24. Rac1 Kd8 25. Rc7 Rxc7 26. dxc7+ Kxc7 27. Rc1+ Kd8 28. Bxe4 g3 29. hxg3 Nxe4 30. Qg8+ Qe8 31. Qd5+ Bd7 32. Qxb7 Ke7 33. Nxd7 Nd6 34. Qd5 Kxd7 35. Rc6 Rb8 36. Qxd6# 1-0

[Event "Cologne Ford op"]
[Site "Cologne"]
[Date "2009.05.18"]
[Round "4"]
[White "Weinmann Musset, Manfred"]
[Black "Khanukov, Boris"]
[Result "0-1"]
[WhiteElo "1825"]
[BlackElo "2306"]
[PlyCount "132"]
[EventDate "2009.04.27"]
[EventType "swiss"]
[EventRounds "7"]
[EventCountry "GER"]
[SourceTitle "EXT 2011"]
[Source "ChessBase"]
[SourceDate "2010.11.26"]
[SourceVersion "1"]
[SourceVersionDate "2010.11.26"]
[SourceQuality "1"]

1. d4 Nf6 2. c4 e6 3. Nc3 Bb4 4. Bg5 h6 5. Bh4 c5 6. d5 d6 7. e3 e5 8. Bd3 e4 9. Bc2 Bxc3+ 10. bxc3 g5 11. Bg3 Qe7 12. h4 g4 13. h5 Nbd7 14. Ba4 Kf8 15. Bxd7 Bxd7 16. a4 Bf5 17. Bh4 Qe5 18. Ne2 Nxh5 19. Qb3 Bc8 20. a5 Kg7 21. Kd2 Rb8 22. Qc2 Bf5 23. Bd8 Bg6 24. Bh4 Rhc8 25. Rab1 f6 26. Rb2 Rc7 27. Qb1 Qe7 28. Qa1 b6 29. Rhb1 Rcb7 30. axb6 axb6 31. Ra2 b5 32. cxb5 Rxb5 33. Rxb5 Rxb5 34. c4 Rb7 35. Bg3 Nxg3 36. fxg3 Bf7 37. Nf4 Qe5 38. Qc3 Rb1 39. Rc2 Qe8 40. Rb2 Rxb2+ 41. Qxb2 Qa8 42. Qc2 Qe8 43. Qb2 Qe7 44. Qb6 h5 45. Qb2 Kh7 46. Qa1 f5 47. Qa6 Qf6 48. Qb7 Kh6 49. Qb3 Kg5 50. Qc3 Qxc3+ 51. Kxc3 h4 52. gxh4+ Kxh4 53. Ne2 Be8 54. Kb3 Bd7 55. Kc3 Ba4 56. Kd2 Bb3 57. Kc3 Bd1 58. Nf4 Kg3 59. Kd2 Bb3 60. Kc3 Ba2 61. Ng6 Kxg2 62. Nh4+ Kf2 63. Nxf5 g3 64. Nxd6 g2 65. Nxe4+ Kxe3 66. Nxc5 g1Q 0-1

[Event "Leverkusen-ch op"]
[Site "Leverkusen"]
[Date "2008.03.16"]
[Round "6"]
[White "Lommen, Frank"]
[Black "Weinmann Musset, Manfred"]
[Result "1-0"]
[WhiteElo "2025"]
[BlackElo "1854"]
[PlyCount "67"]
[EventDate "2008.01.14"]
[EventType "swiss"]
[EventRounds "7"]
[EventCountry "GER"]
[SourceTitle "EXT 2010"]
[Source "ChessBase"]
[SourceDate "2010.11.25"]
[SourceVersion "1"]
[SourceVersionDate "2010.11.25"]
[SourceQuality "1"]

1. e4 c5 2. Nf3 d6 3. c3 Qa5 4. Bc4 e6 5. 0-0 b5 6. Bb3 Bb7 7. Re1 c4 8. Bc2 Nd7 9. a4 Ngf6 10. Na3 a6 11. axb5 axb5 12. d4 d5 13. e5 Ne4 14. Bxe4 dxe4 15. Ng5 b4 16. Nc2 Qb5 17. Rxa8+ Bxa8 18. Nxe4 b3 19. Nb4 Bxb4 20. cxb4 0-0 21. Nc3 Qxb4 22. Qg4 Kh8 23. h4 Qb7 24. f3 Qc6 25. h5 Rg8 26. Qf4 f5 27. exf6 gxf6 28. Ne4 e5 29. dxe5 fxe5 30. Qh4 Qe6 31. Bd2 Qf7 32. Bc3 Qxf3 33. Qh2 Bxe4 34. Bxe5+ 1-0

[Event "Leverkusen-ch op"]
[Site "Leverkusen"]
[Date "2008.03.10"]
[Round "5"]
[White "Weinmann Musset, Manfred"]
[Black "Zuehlke, Ernst Wilhelm"]
[Result "1-0"]
[WhiteElo "1854"]
[BlackElo "1655"]
[PlyCount "37"]
[EventDate "2008.01.14"]
[EventType "swiss"]
[EventRounds "7"]
[EventCountry "GER"]
[SourceTitle "EXT 2010"]
[Source "ChessBase"]
[SourceDate "2010.11.25"]
[SourceVersion "1"]
[SourceVersionDate "2010.11.25"]
[SourceQuality "1"]

1. d4 e6 2. c4 c6 3. Nc3 Nf6 4. Bg5 Be7 5. Nf3 d5 6. Qc2 0-0 7. e3 Nbd7 8. h4 Ne8 9. cxd5 exd5 10. Bd3 h6 11. g4 Ndf6 12. Bxf6 gxf6 13. Rg1 Kh8 14. Bh7 Ng7 15. g5 h5 16. gxf6 Bxf6 17. Ng5 Bg4 18. Rxg4 hxg4 19. Bg8 1-0

[Event "Leverkusen-ch op"]
[Site "Leverkusen"]
[Date "2008.02.11"]
[Round "3"]
[White "Weinmann Musset, Manfred"]
[Black "Depping, Thomas"]
[Result "1-0"]
[WhiteElo "1854"]
[BlackElo "1601"]
[PlyCount "61"]
[EventDate "2008.01.14"]
[EventType "swiss"]
[EventRounds "7"]
[EventCountry "GER"]
[SourceTitle "EXT 2010"]
[Source "ChessBase"]
[SourceDate "2010.11.25"]
[SourceVersion "1"]
[SourceVersionDate "2010.11.25"]
[SourceQuality "1"]

1. d4 Nf6 2. c4 g6 3. Nc3 Bg7 4. e4 d6 5. Be2 0-0 6. g4 e5 7. d5 a5 8. h4 Na6 9. h5 Nc5 10. f3 gxh5 11. g5 Ne8 12. Be3 f5 13. Rxh5 f4 14. Bf2 Nd7 15. Kd2 Rf7 16. Bh4 Rf8 17. Qf1 Nc5 18. Qg2 c6 19. Rb1 Qb6 20. Bf2 Qb4 21. Bd3 b5 22. Bxc5 Qxc5 23. cxb5 cxb5 24. Bxb5 Ba6 25. Bxa6 Rxa6 26. Nge2 Nc7 27. Rbh1 Nb5 28. Rxh7 Rb6 29. Qh3 Qe3+ 30. Ke1 Kf7 31. Qe6# 1-0

[Event "Leverkusen-ch op"]
[Site "Leverkusen"]
[Date "2007.01.22"]
[Round "2"]
[White "Weinmann Musset, Manfred"]
[Black "Wehr, Guenter"]
[Result "1-0"]
[WhiteElo "1842"]
[BlackElo "1557"]
[PlyCount "85"]
[EventDate "2007.01.08"]
[EventType "swiss"]
[EventRounds "7"]
[EventCountry "GER"]
[SourceTitle "EXT 2008"]
[Source "ChessBase"]
[SourceDate "2007.11.25"]
[SourceVersion "1"]
[SourceVersionDate "2007.11.25"]
[SourceQuality "1"]

1. d4 d5 2. c4 c6 3. Nc3 Nf6 4. Nf3 Bf5 5. e3 e6 6. a3 h6 7. cxd5 exd5 8. Bd3 Bxd3 9. Qxd3 Be7 10. Ne5 0-0 11. 0-0 Nbd7 12. f4 Qc7 13. Bd2 c5 14. Rac1 Rae8 15. Be1 Qb6 16. Na4 Qe6 17. Bg3 c4 18. Qd1 Ne4 19. f5 Qd6 20. Bf4 Nxe5 21. dxe5 Qd7 22. g4 b5 23. Nc3 Nxc3 24. Rxc3 Bg5 25. Qd4 Bxf4 26. exf4 f6 27. Rg3 Qb7 28. g5 fxg5 29. fxg5 hxg5 30. Rxg5 Qb6 31. Qxb6 axb6 32. f6 Rf7 33. Rf4 Rd7 34. Rd4 Kh7 35. fxg7 Rxg7 36. Rxg7+ Kxg7 37. Rxd5 Kf7 38. Rxb5 Ke6 39. Kf2 Rd8 40. Ke3 Rd3+ 41. Ke4 Rb3 42. Rxb3 cxb3 43. a4 1-0

[Event "Cologne-ch"]
[Site "Cologne"]
[Date "2005.10.02"]
[Round "6.7"]
[White "Ljuboschiz, Alexander"]
[Black "Weinmann Musset, Manfred"]
[Result "1-0"]
[WhiteElo "2197"]
[BlackElo "1913"]
[PlyCount "69"]
[EventDate "2005.08.29"]
[EventType "swiss"]
[EventRounds "7"]
[EventCountry "GER"]
[SourceTitle "EXT 2006"]
[Source "ChessBase"]
[SourceDate "2005.11.24"]
[SourceVersion "1"]
[SourceVersionDate "2005.11.24"]
[SourceQuality "1"]

1. e4 c5 2. Nf3 d6 3. d4 cxd4 4. Nxd4 Nf6 5. Nc3 a6 6. Be2 e5 7. Nb3 Be6 8. f4 Qc7 9. f5 Bc4 10. a4 b6 11. 0-0 Nbd7 12. Bg5 Be7 13. Nd2 Bxe2 14. Qxe2 0-0 15. Nc4 Rfc8 16. Ne3 Qb7 17. Bxf6 Nxf6 18. Ned5 Nxd5 19. Nxd5 Bf8 20. Rf3 Rc6 21. g4 Rac8 22. c3 b5 23. axb5 axb5 24. g5 Ra6 25. Raf1 Rca8 26. h4 Ra4 27. g6 Ra1 28. gxh7+ Kxh7 29. Rg3 Rxf1+ 30. Kxf1 g6 31. Qg4 Bg7 32. fxg6+ fxg6 33. Qxg6+ Kh8 34. Nf6 Bxf6 35. Qh6+ 1-0

[Event "Leverkusen-ch op"]
[Site "Leverkusen"]
[Date "2005.01.17"]
[Round "2"]
[White "Wehr, Guenter"]
[Black "Weinmann Musset, Manfred"]
[Result "0-1"]
[WhiteElo "1599"]
[BlackElo "1972"]
[PlyCount "70"]
[EventDate "2005.01.10"]
[EventType "swiss"]
[EventRounds "9"]
[EventCountry "GER"]
[SourceTitle "EXT 2006"]
[Source "ChessBase"]
[SourceDate "2005.11.24"]
[SourceVersion "1"]
[SourceVersionDate "2005.11.24"]
[SourceQuality "1"]

1. e4 c5 2. Bc4 e6 3. Nc3 a6 4. a4 Nc6 5. Nf3 Qc7 6. d3 b6 7. Ne2 d6 8. Nf4 Nf6 9. h3 h6 10. 0-0 Be7 11. Re1 g5 12. Ne2 Bb7 13. Bd2 Ne5 14. Nxe5 dxe5 15. Bc3 0-0-0 16. Ng3 h5 17. Qf3 g4 18. Qe3 Rdg8 19. Nh1 h4 20. a5 b5 21. Bxb5 axb5 22. a6 Ba8 23. Ba5 Qc6 24. c4 b4 25. f4 gxh3 26. Qxh3 exf4 27. Nf2 Rg3 28. Qh2 h3 29. Nxh3 Ng4 30. Qh1 Rhxh3 31. Qxh3 Rxh3 32. gxh3 Ne3 33. Rac1 e5 34. a7 Bh4 35. b3 Qg6+ 0-1